Normal view
MARC view
Entry Personal Name
001 - CONTROL NUMBER
- control field: 22894
003 - CONTROL NUMBER IDENTIFIER
- control field: OSt
005 - DATE AND TIME OF LATEST TRANSACTION
- control field: 20260202094745.0
008 - FIXED-LENGTH DATA ELEMENTS
- fixed length control field: 260202|| aca||aabn | a|a d
040 ## - CATALOGING SOURCE
- Original cataloging agency: OSt
- Transcribing agency: OSt
100 ## - HEADING--PERSONAL NAME
- Personal name: Hastings,Selina
670 ## - SOURCE DATA FOUND
- Source citation: Work cat.: (OSt)21345: Hastings,Selina, La Bible illustre'e; l'histoire, les textes, les documents, 1994
